Licenciatura en Ciencias
Publicado:
Barcelona :
Diputación Provincial de Barcelona. Instituto de Psicología Aplicada y Psicotecnia, Sección de información ocupacional ,
1969
Descripción Física:
11 p. ; 26 cm
MARC
| LEADER | 00000nam a2200000Ia 4500 | ||
|---|---|---|---|
| 001 | 8680 | ||
| 003 | BGR | ||
| 005 | 20260324175414.0 | ||
| 008 | 160829s1969 xx 000 0 cat d | ||
| 080 | |a FU-23-29 | ||
| 245 | |a Licenciatura en Ciencias | ||
| 260 | |a Barcelona : |b Diputación Provincial de Barcelona. Instituto de Psicología Aplicada y Psicotecnia, Sección de información ocupacional, |c 1969 | ||
| 300 | |a 11 p. ; |c 26 cm | ||
| 590 | |a A la coberta: Estudios Universitarios | ||
| 650 | |a Llicenciat en Ciències |x Descripcions de les ocupacions |9 32078 | ||
| 650 | |a Orientació professional |9 27407 | ||
| 710 | 2 | |a Instituto de Psicología Aplicada y Psicotecnia (Barcelona) |9 71186 | |
| 901 | |a Arxiu | ||
| 942 | |n 1 |2 udc |c MON | ||
| 952 | |0 0 |1 0 |4 0 |6 FU2329 |7 1 |9 45859 |a Arxiu |b Arxiu |d 2016-12-01 |l 0 |o FU-23-29 |p 8680 |r 2016-12-01 00:00:00 |w 2016-12-01 |y ARXIU | ||
| 999 | |c 49359 |d 49359 | ||